00534nam a2200193 a 4500001001300000003000900013005001700022008004100039020000900080082001500089100002400104245003700128260005500165300000900220500003500229505002900264650002300293700002400316nice12345678IN_TiNIC20260116011847.0050524s1973 bana grd 000 0 eng  ac3900a220.3bLEO aLeon-Dufour, Xavier aDictionary of Biblical Theology. aBangalorebTheological Publications in Indiac1973 a712p aincludes index and biblioraphy2 aAnalytical table, Index aBible-Dictionaries1 aLeon-Dufour, Xavier